Responses for show #5193 - Wednesday, March 21, 2007

Contestants

[<< previous game]

Ruth Merriam, an accountant from South Orange, New Jersey

Paul Horwitz, a professor from Los Angeles, California

Jamey Kirby, a humanities teacher originally from Live Oak, Florida (whose 3-day cash winnings total $60,265)

[next game >>]

Jeopardy! Round responses

THE NORTHERNMOST CAPITAL CITY
MAJOR LEES
SPORTS TERMS
AIRLINES
JEWISH HISTORY
"OY"!
    $200 26
Brussels

Jamey
    $200 14
Bruce Lee

Ruth
    $200 2
a puck

Paul
    $200 3
Delta

Ruth
    $200 17
Jerusalem

Ruth
    $200 6
(Edmond) Hoyle

Ruth
    $400 27
San Salvador

Paul
    $400 22
Robert E. Lee

Paul
    $400 4
a green

Ruth
    $400 11
America West

Ruth
    $400 18
the ghetto

Paul
    $400 7
an alloy

Ruth
    $600 28
(Ruth: What is Tokyo?)

Pyongyang

JameyRuth
    $600 23
Lee Harvey Oswald

Paul
    $600 5
a bridge

Paul
    $600 12
(Alex: Maybe it's not quite that familiar--[*].)

Alaska Airlines

Triple Stumper
    $600 19
pogroms

Paul
    $600 8
oysters

Paul
    $800 29
Ankara

Jamey
    $800 24
Harper Lee

Paul
    $800 1
a split

Ruth
    $800 13
Aer Lingus

Paul
    $800 20
(Paul: What is the Conservative movement?)

Reform

PaulRuth
    $800 9
gargoyles

Triple Stumper
    $1000 30
Minsk

Jamey
    $1000 25
Lee Iacocca

Paul
    $1000 16
clipping

Ruth
    $1,000 15
(Ruth: What is Greek Airline--Airways?)
(Alex: No, it's called [*].)

Olympic Airlines

Ruth
    $1000 21
Ethiopia

Paul
    $1000 10
Loyola

Paul

Scores at the first commercial break (after clue 15):

Jamey Paul Ruth
$0 $3,200 $1,600

Scores at the end of the Jeopardy! Round:

Jamey Paul Ruth
$2,600 $7,600 $3,000

Double Jeopardy! Round responses

MEDICINE
THE ROLE IN COMMON
LITERARY LASS LINES
(Alex: Name the character speaking.)
WORLD OF WATER
"P"AINTERS & "P"AINTING
RARE BOGGLE WORDS
    $400 16
the appendix

Paul
    $400 10
Obi-wan Kenobi

Paul
    $400 1
Becky (Thatcher)

Paul
    $400 20
waterfalls

Paul
    $400 6
pop art

Jamey
    $400 24
a manatee

Jamey
    $800 17
The Journal of the American Medical Association

Paul
    $800 11
Willy Wonka

Jamey
    $800 2
Wendy Darling

Triple Stumper
    $800 22
Blue Lagoon

Triple Stumper
    $800 7
Picasso

Jamey
    $800 23
cheesecloth

Triple Stumper
    $1200 18
Hippocrates

Paul
    $1200 13
Superman

Paul
    $1200 3
Tess

Paul
    $1200 25
a floodplain

Paul
    $5,800 8
Pollock

Jamey
    $1200 28
(Alex: We'll accept that? All right.)
["Loud[*]" is shown in the solution picture.]

a speaker

Paul
    $1600 19
(Ruth: What is cowpox?)

anthrax

Ruth
Triple Stumper
    $1600 14
Dr. Dolittle

Jamey
    $1,800 4
(Paul: Who is [*]?)
(Alex: Hmmm...)
(Paul: Closest I can come.)
(Alex: All right, we'll accept that--it's Mrs. [*].)
(Paul: Oh, very good.)
(Alex: Since we're dealing with LASS LINES, we know it's a female.)
(Paul: Okay.)
(Alex: All right, go.)
(Paul: Thank you.)

(Mrs.) Cratchit

Paul
    $1600 26
a reservoir

Paul
    $1600 9
pointillism

Paul
    $1600 29
a gourmand

Triple Stumper
    $2000 21
endoscope

Triple Stumper
    $2000 15
Alfie

Ruth
    $2000 5
Hester Prynne

Jamey
    $2000 27
a desalination plant

Triple Stumper
    $2000 12
Pissarro

Jamey
    $2000 30
a poinsettia

Ruth

Scores at the end of the Double Jeopardy! Round:

Jamey Paul Ruth
$16,400 $21,000 $5,400

[wagering suggestions for these scores]

Final Jeopardy! Round responses

MUSIC HISTORY
(Alex: The famous [*]--that's where they were both discovered.)
RuthWhat is the Apollo?
$5,400
JameyWhat is the Apollo Theater
$4,777
PaulWhat is the Appollo Theatre?
$9,500
the Apollo Theater

Final scores:

Jamey Paul Ruth
$21,177 $30,500 $10,800
2nd place: $2,000 New champion: $30,500 3rd place: $1,000

Game dynamics:

Coryat scores:

Jamey Paul Ruth
$11,800 $20,800 $6,400
12 R
(including 1 DD),
0 W
26 R
(including 1 DD),
1 W
12 R,
3 W
(including 1 DD)

Combined Coryat: $39,000

The J! Archive is created by fans, for fans. The Jeopardy! game show and all elements thereof, including but not limited to copyright and trademark thereto, are the property of Jeopardy Productions, Inc. and are protected under law. This website is not affiliated with, sponsored by, or operated by Jeopardy Productions, Inc. Join the discussion at JBoard.tv.